书目信息 |
| 题名: |
公路与桥梁施工技术
|
|
| 作者: | 盛可鉴 , 崔旭光 主编 | |
| 分册: | ||
| 出版信息: | 北京 人民交通出版社 2007.09 |
|
| 页数: | 256页 | |
| 开本: | 26cm | |
| 丛书名: | ||
| 单 册: | ||
| 中图分类: | U415 | |
| 科图分类: | ||
| 主题词: | 道路工程--dao lu gong cheng--工程施工--高等学校--教材 , 桥梁工程--qiao liang gong cheng--工程施工--高等学校--教材 | |
| 电子资源: | ||
| ISBN: | 978-7-114-06751-8 | |
| 000 | 01096nam0 2200265 450 | |
| 001 | 012007094624 | |
| 005 | 20181218084224.12 | |
| 010 | @a978-7-114-06751-8@dCNY30.00 | |
| 100 | @a20071130d2007 km y0chiy0120 ea | |
| 101 | 0 | @achi |
| 102 | @aCN@b110000 | |
| 105 | @aa a 000yy | |
| 200 | 1 | @a公路与桥梁施工技术@Agong lu yu qiao liang shi gong ji shu@f盛可鉴, 崔旭光主编@Fsheng ke jian,cui xu guang zhu bian |
| 210 | @a北京@c人民交通出版社@d2007.09 | |
| 215 | @a256页@c图@d26cm | |
| 300 | @a普通高等教育规划教材 | |
| 320 | @a有书目 (第255-256页) | |
| 330 | @a本书详细阐述了路基、路面、桥梁、公路沿线设施等各项施工的基本理论及其工程应用。全书共分为五篇:第一篇路基施工技术;第二篇路面施工技术;第三篇桥梁下部施工技术;第四篇桥梁上部施工技术;第五篇公路沿线设施施工技术。 | |
| 606 | 0 | @a道路工程@Adao lu gong cheng@x工程施工@x高等学校@j教材 |
| 606 | 0 | @a桥梁工程@Aqiao liang gong cheng@x工程施工@x高等学校@j教材 |
| 690 | @aU415@v4 | |
| 701 | 0 | @a盛可鉴@Asheng ke jian@4主编 |
| 701 | 0 | @a崔旭光@Acui xu guang@4主编 |
| 801 | 0 | @aCN@bQSSK@c20071130 |
| 905 | @b268734-36@dU415@eS474@f3 | |
| 公路与桥梁施工技术/盛可鉴, 崔旭光主编.-北京:人民交通出版社,2007.09 |
| 256页:图;26cm |
| 普通高等教育规划教材 |
| ISBN 978-7-114-06751-8:CNY30.00 |
| 本书详细阐述了路基、路面、桥梁、公路沿线设施等各项施工的基本理论及其工程应用。全书共分为五篇:第一篇路基施工技术;第二篇路面施工技术;第三篇桥梁下部施工技术;第四篇桥梁上部施工技术;第五篇公路沿线设施施工技术。 |
| ● |
| 相关链接 |
|
|
|
正题名:公路与桥梁施工技术
索取号:U415/S474
 
预约/预借
| 序号 | 登录号 | 条形码 | 馆藏地/架位号 | 状态 | 备注 |
| 1 | 1301675 | 213016751 | 自科库501/501自科库 51排7列5层/ [索取号:U415/S474] | 在馆 | |
| 2 | 268734 | 202687342 | 自科库501/400A自科库 29排3列3层/ [索取号:U415/S474] | 在馆 | |
| 3 | 268735 | 202687351 | 自科库501/400A自科库 29排3列3层/ [索取号:U415/S474] | 在馆 | |
| 4 | 268736 | 202687360 | 自科库501/501自科库 51排7列5层/ [索取号:U415/S474] | 在馆 | |
| 5 | 473605 | 204736054 | 自科库501/501自科库 51排7列5层/ [索取号:U415/S474] | 在馆 | |
| 6 | 473606 | 204736063 | 自科库501/501自科库 51排7列5层/ [索取号:U415/S474] | 在馆 |